000
00280nam a22001097a 4500
008
160507b xxu||||| |||| 00| 0 eng d
020
_a
0397506899
041
_a
eng
080
_a
573
245
_a
Microbiology:
_c
Bernard D. Davis; Renato Dulbecco; Herman N. Eisen;
942
_2
udc
_c
BK
999
_c
1920
_d
1920